Delirio y destino: los veinte años de una española
Saved in:
| 主要作者: | |
|---|---|
| 格式: | 圖書 |
| 語言: | 西班牙语 |
| 出版: |
Madrid
Mondadori
1989
|
| 叢編: | Narrativa Mondadori
|
| 主題: | |
| 標簽: |
添加標簽
沒有標簽, 成為第一個標記此記錄!
|
MARC
| LEADER | 00000nam a2200000 a 4500 | ||
|---|---|---|---|
| 001 | UCW0310 | ||
| 003 | CL-VaPUC | ||
| 008 | 921103e19890000SP |||||||||||||||||spa|d | ||
| 082 | 0 | 4 | |a 863 |b ZAM |2 21 |
| 100 | |a Zambrano, María |e autora |9 304251 | ||
| 245 | 1 | 0 | |a Delirio y destino: los veinte años de una española |
| 300 | |a 296 p | ||
| 942 | |c BK | ||
| 945 | |d 19921103 00:00:00 | ||
| 260 | |a Madrid |b Mondadori |c 1989 | ||
| 650 | 0 | |a Novelas españolas |9 265052 | |
| 583 | |a last modification |c 19921103 00:00:00 |k Rodrigo Vera | ||
| 490 | 0 | |a Narrativa Mondadori | |
| 999 | |c 215521 |d 215519 | ||
| 952 | |0 0 |1 0 |4 0 |6 863_000000000000000_ZAM_1989 |7 0 |8 A |9 199861 |a BIBART |b BIBART |d 2019-11-14 |i 2671298 |o 863 ZAM 1989 |p 2671298 |r 2025-03-13 |w 2019-11-14 |y BK |k ART | ||